000 00741nam a2200241 a 4500
005 20170905114810.0
008 140312b1992 ve ||||| |||| 00| 0 eng d
020 _a9802311316
040 _aCO-BoIAVH
_cCO-BoIAVH
041 _aeng
044 _ave
082 _a597.48
_bT17b
100 _aTaphorn, Donald C.
245 1 4 _aThe Characiform fishes of the Apure river drainage, Venezuela
260 _aCaracas
_bUNELLEZ
_bMuseo de Ciencias Naturales
_c1992
300 _a537 páginas
_c23 x 15 cm
650 1 4 _aFauna acuática
_vPeces
_zVenezuela
650 1 4 _aPeces
_vDistribución
650 1 4 _aCharaciformes
_vHabitat
650 1 4 _aPeces
_vConservación
942 _cLIBRO
_2ddc
945 _d2004-03-24
999 _c3755
_d3755